| 000 | 00726nam a2200217 4500 | ||
|---|---|---|---|
| 008 | 020207s1999 us 0 engCO | ||
| 020 | _a0761521755 | ||
| 090 |
_aHQ770.4 _bN33p |
||
| 100 | 1 | _aNelsen, Jane | |
| 245 | 1 | 0 |
_aPositive time-out : _band over 50 ways to avoid power struggles in the home and the classroom / _cJane Nelsen. |
| 260 |
_aRocklin, CA : _bPrima Publishing, _cc1999. |
||
| 300 |
_axiii, 175 p. : _bills. |
||
| 504 | _aBiblio: pp. 169-170 | ||
| 650 | 4 | _aChild rearing. | |
| 650 | 4 | _aClassroom management. | |
| 650 | 4 | _aDiscipline of children. | |
| 650 | 4 | _aSchool discipline. | |
| 650 | 4 | _aTime-out method. | |
| 950 | 0 | _1.98 | |
| 951 |
_p24440 _x00016072 _oHQ770.4/N33p _j070613111042500 _d2000-12-21 _cGC |
||
| 999 |
_c5900 _d5900 |
||